Paises con mas fallecidos en la Segunda Guerra Mundial - Estadísticas

Estadísticas generales
  • Esta prueba ha sido intentada 113 veces
  • La puntuación promedio es 7 de 10
Estadísticas de respuestas
Ubicación y total de perdidas humanas. País o Colonia % Correcto
Es un país europeo que es conocido por su ideología extrema originada por la derrota de la Primera Guerra Mundial y los problemas sociales y economicos que atraveso ese país y es unos de los causantes de la Segunda Guerra Mundial , este país tuvo un total de perdida de 8,800,000 millones de vidas humanas. Alemania
100%
Es un país asiatico que se estima que perdio un total de 20 millones de vidas humanasen este conflicto, el comienzo de perdidas humanas comienza en 1937 cuando el Imperio Japones desata su plan de expansion e invade este país, dejando unos atrocidades con la poblacion civil. China
97%
Es un país asiatico que tiene mucha importancia en la Segunda Guerra Mundial en el Pacifico, siendo aliado de Alemania, este país tuvo una total de perdidas humanas de 3,100,000 millones de personas. Japón
97%
Pais de Europa del Este, este pais es conocido por ser el primer pais en ser invadido por dos superpotencias y lo repartieron en dos, siendo unos de los paises europeos mas afectados por la Segunda Guerra Mundial tanto de perdidas humanas como destruccion de sus ciudades y civilizacion. El total de perdidas humanas se calculan como unos 5,600,000 millones de personas. Polonia
92%
Es el país con mas muertes en la Segunda Guerra Mundial. El total de muertes de este país se estima unos 24 millones de pérdidas humanas, es un país de Europa del Este y Asia, es unos de los protagonistas por vencer Alemania en Bérlin y abarcar el Frente Oriental de la Segunda Guerra Mundial. Unión Sovietica
84%
En un país del Sudeste Asiatico, en esos tiempos ese país era colonia de Paises Bajos, pero cuando estallo la Segunda Guerra Mundial, fueron ocupados por los japoneses, al inicio los locales le recibieron con los brazos abiertos ya que los vieron como los libertadores de los neerlandeses, pero los japoneses fueron mas crueles que los europeos, ya que sufrieron torturas, explotacion, prostitucion y obligando hacer trabajos forzosos a los locales y mantenimiento de equipos para la armada japonesa, El total de fallecidos corresponde a 4,000,000 millones de personas. Indias Orientales Neerlandesas / Indonesia
74%
Es un país asiatico que antes de que iniciara la Segunda Guerra Mundial era ocupada y administrada por Estados Unidos, tras la expansion de Japón, fue ocupada por los japoneses, siendo un territorio de guerra entre japoneses y los locales y estadounidenses, el total de perdidas humanas se aproxima a un 1,000,000 millon de personas. Filipinas
69%
Era un país de Europa del Este que actualmente abarco a los paises de los Balcanes, el total de perdida humana se aproxima a un1,000,000 millon de personas. Yugoslavia
68%
Es una colonia britanica que abarco 4 países India, Pakistan, Banglades y Birmania, esta colonia tuvo participacion en la Segunda Guerra Mundial en Asia, debido a la ocupacion Japonesa en esta colonia britanica, especialmente en Birmania. El total de perdidas humanas se aproximan en 2,500,000 millones de personas. Raj Britanico
32%
Es una colonia francesa en el sur de China, donde abarcó Vietnam, Camboya y Laos, estos territorios fueron ocupados por los japoneses en la Segunda Guerra Mundial, sufriendo los locales explotacion y sufrimiento por los invasores, esta colonia tuvo una perdida de 1,500,000 millones de personas. Indochina Francesa
30%
No se encontraron pruebas coincidentes
Distribución de puntuación
Porcentaje de gente con cada puntuación
Porcentaje por número respondido
Historial de tus puntuaciones
No has intentado esta prueba.